000 00280nam a22001217a 4500
008 170816b xxu||||| |||| 00| 0 eng d
041 _aeng
080 _a51
100 _a36
101 _aMAT
245 _aADVANCED CALCULUS WITH APPLICATIONS
_cDELILO.N.J
942 _2udc
_cBK
999 _c23686
_d23686